01161nam a22001815i 4500001000700000003000900007005001700016008004100033040002600074100003600100245009000136260007700226300002900303505051000332510002300842650002300865852009100888163101ES-MaACL20250815062540.0950206m18761894fr a |||| | fre d aGA bspa cCCPB | PA21 aReclus, Élisée, d1830-190510aNouvelle géographie universelle b: la terre et les hommes / cpar Elisée Reclus. aParis : bLibrairie Hachette et Cie., c1876-1894 (fTypographie Lahure) a20 v. : bil. ; c29 cm.8 aT. I. L'Europe méridionale : (Grèce, Turquie, Roumanie, Serbie, Italie, Espagne et Portugal) -- T. II. La France -- T. III. L'Europe Centrale : (Suisse, Austro- Hongrie, Allemagne) -- T. IV. L'Europe du Nord-Ouest : (Belgique, Hollande, Iles Britanniques) -- T. V. L'Europe Escandinave et Russe -- T. VI. L'Asie russe -- T. VII. L'Asie Orientale -- T. VIII. L'Inde et l'Indo-Chine -- T. IX. L'Asie antérieure -- T. X. L'Afrique septentrionale (1" parte) -- T. XI. L'Afrique septentrionale (2" parte)4 aWWW CCFr, 11/07/0207aGeografía2embne aES-MaACLjG-671-89 z-- Enc. hol., excepto t.I y XVII con enc. pielq-- Falto del t.XX